Gaming Quiz

Random Gaming or Board Games Quiz

Diplomacy Provinces Quiz Stats

 Plays Quiz Updated Mar 13, 2020

     
Support Sporcle.
Go Orange.
Score 0/75 Timer 08:00
1 Play Today
Home Country Territory % Correct
EnglandLondon
81.1%
FranceParis
76.9%
GermanyBerlin
73.6%
ItalyRoma
73.1%
RussiaMoscow
69.7%
AustriaVienna
68.2%
TurkeyConstantinople
62.3%
RussiaSaint Petersburg
59.8%
GermanyMunich
58.9%
ItalyVenezia
53.8%
TurkeyAnkara
51.9%
ItalyNapoli
49.6%
EnglandWales
49.5%
EnglandLiverpool
43.7%
UnassociatedSweden
41.2%
UnassociatedNorway
40.9%
UnassociatedSpain
40.8%
EnglandEdinburgh
40.5%
UnassociatedPortugal
39.8%
RussiaFinland
39.2%
SeaNorth Sea
39.1%
UnassociatedDenmark
38.9%
UnassociatedGreece
38.6%
UnassociatedBelgium
38.2%
SeaGulf of Lyon
37.7%
FranceMarseilles
37.7%
AustriaBudapest
36.8%
SeaBlack Sea
36.3%
SeaBaltic Sea
36.1%
UnassociatedRumania
35.5%
EnglandYork
35.3%
RussiaWarsaw
35.1%
UnassociatedBulgaria
34.8%
RussiaUkraine
34.3%
UnassociatedSerbia
33.8%
SeaAdriatic Sea
30.9%
FranceBrest
30.8%
SeaEnglish Channel
30.8%
Home Country Territory % Correct
UnassociatedHolland
30.8%
UnassociatedAlbania
30%
UnassociatedTunisia
29.7%
SeaAegean Sea
28.4%
GermanyPrussia
27.9%
GermanyKiel
27.2%
ItalyTuscany
26.8%
FranceBurgundy
26.8%
AustriaTrieste
26.8%
GermanyRuhr
26.7%
SeaNorth Atlantic
26%
SeaWest Mediterranean
25.4%
TurkeyArmenia
25%
UnassociatedNorth Africa
25%
ItalyPiemonte
24.8%
SeaEast Mediterranean
24.7%
TurkeySyria
24.5%
RussiaSevastopol
24.4%
AustriaBohemia
24.1%
SeaIrish Sea
23.5%
TurkeySmyrna
23.1%
SeaIonian Sea
22.7%
AustriaGalicia
21.5%
GermanySilesia
21.3%
AustriaTyrolia
21.3%
SeaMid Atlantic
21.3%
FrancePicardy
21%
FranceGascony
20.5%
EnglandClyde
19.6%
ItalyApulia
18.3%
SeaNorwegian Sea
18.2%
RussiaLivonia
18.1%
SeaTyrhennian Sea
17.3%
SeaGulf of Bothnia
17%
SeaHeligoland Bight
15.3%
SeaBarents Sea
15.2%
SeaSkagerrak
13.9%

From the Vault

Pick the Keira Knightley Movie

by beforever

Movies 3m
Be sure not to pick any Natalie Portman movies.
Remove Ads.
Support Sporcle.
Get the best of Sporcle when you Go Orange. This ad-free experience offers more features, more stats, and more fun while also helping to support Sporcle. Thank you for becoming a member.

Show Comments

Extras

Top Quizzes Today


Score Distribution

Your Account Isn't Verified!

In order to create a playlist on Sporcle, you need to verify the email address you used during registration. Go to your Sporcle Settings to finish the process.

Report this User

Report this user for behavior that violates our Community Guidelines.

Details: